Trujillo creador de la nacionalidad económica / (Record no. 32911)
[ view plain ]
| 000 -CABECERA | |
|---|---|
| campo de control de longitud fija | 00908nam a2200205 a 4500 |
| 001 - NÚMERO DE CONTROL | |
| campo de control | 000033420 |
| 005 - FECHA Y HORA DE LA ÚLTIMA TRANSACCIÓN | |
| campo de control | 20240409073643.0 |
| 008 - DATOS DE LONGITUD FIJA--INFORMACIÓN GENERAL | |
| campo de control de longitud fija | 110829s1939 dr 000 0dspa d |
| 040 ## - FUENTE DE LA CATALOGACIÓN | |
| Centro catalogador/agencia de origen | DO-SdBNP |
| Lengua de catalogación | spa |
| Centro/agencia transcriptor | BNPHU |
| 082 ## - NÚMERO DE LA CLASIFICACIÓN DECIMAL DEWEY | |
| Número de clasificación | 923.17293 |
| Número de documento/Ítem | T866B |
| 049 ## - FONDOS LOCALES (OCLC) | |
| Fondos de biblioteca | BNPD |
| 100 1# - ENTRADA PRINCIPAL--NOMBRE DE PERSONA | |
| Nombre de persona | Brenes, Rafael Andrés |
| 9 (RLIN) | 58979 |
| 245 10 - MENCIÓN DE TÍTULO | |
| Título | Trujillo creador de la nacionalidad económica / |
| Mención de responsabilidad, etc. | Rafael Andrés Brenes. |
| 260 ## - PUBLICACIÓN, DISTRIBUCIÓN, ETC. | |
| Lugar de publicación, distribución, etc. | Santiago, República Dominicana : |
| Nombre del editor, distribuidor, etc. | Imprenta de L. H. Cruz, |
| Fecha de publicación, distribución, etc. | 1939. |
| 300 ## - DESCRIPCIÓN FÍSICA | |
| Extensión | 40 p. ; |
| Dimensiones | 17 cm. |
| 500 ## - NOTA GENERAL | |
| Nota general | Conferencia dictada el día 24 de octubre de 1938 a las 8 de la noche, desde la tribuna de la Junta Comunal del Partido Dominicano en la ciudad de Santiago de los Caballeros. |
| 600 10 - PUNTO DE ACCESO ADICIONAL DE MATERIA--NOMBRE DE PERSONA | |
| Nombre de persona | Trujillo Molina, Rafael Leónidas, |
| Fechas asociadas al nombre | 1891-1961 |
| 9 (RLIN) | 76764 |
| 651 #4 - PUNTO DE ACCESO ADICIONAL DE MATERIA--NOMBRE GEOGRÁFICO | |
| Nombre geográfico | República Dominicana |
| Subdivisión general | Condiciones Económicas |
| Subdivisión cronológica | ERA DE TRUJILLO, 1930-1961 |
| 9 (RLIN) | 46029 |
| 910 ## - DATOS DE OPCIÓN DEL USUARIO (OCLC) | |
| Datos de opción del usuario | Validado. Control de calidad EMS. |
| Estado de retiro | Estado de pérdida | Restricciones de uso | No para préstamo | Código de colección | Localización permanente | Ubicación/localización actual | Ubicación en estantería | Fecha de adquisición | Número de inventario | Total de préstamos | Signatura topográfica completa | Código de barras | Fecha visto por última vez | Precio válido a partir de | Tipo de ítem Koha | Nota pública |
|---|---|---|---|---|---|---|---|---|---|---|---|---|---|---|---|---|
| Excluido de préstamo | Raros y valiosos | Patrimonio Dominicano | Patrimonio Dominicano | Depósito | 29.08.2011 | LF1 | 923.17293 T866B | 33420-10 | 25.06.2020 | 25.06.2020 | No se presta | Perteneció a la biblioteca personal de Martínez Boog |
